000 00438nam a2200169Ia 4500
008 131103s9999 xx 000 0 und d
040 _aLoreto College
041 _aEnglish
082 _aF/WAL
_bLCBED/6689
100 _aWalker, Lucy
245 _aReaching for the stars
_cLucy Walker
260 _aGreat britain
_bFontana Books
_c1977
300 _a191p
_c 19cm.
650 _aEnglish fiction
850 _aLCBED/F/WAL
942 _cBK
999 _c33074
_d83553